Information Governance: A Practical Guide - How to regain control over your information (Record no. 347010)
[ view plain ]
| 000 -LEADER | |
|---|---|
| fixed length control field | 00404nam a2200109Ia 4500 |
| 008 - FIXED-LENGTH DATA ELEMENTS--GENERAL INFORMATION | |
| fixed length control field | 171204s9999 xx 000 0 und d |
| 245 ## - TITLE STATEMENT | |
| Title | Information Governance: A Practical Guide - How to regain control over your information |
| 245 ## - TITLE STATEMENT | |
| Statement of responsibility, etc | Bruno Wildhaber, Burgwinkel Daniel, and Hagmann Jürg |
| 260 ## - PUBLICATION, DISTRIBUTION, ETC. (IMPRINT) | |
| Date of publication, distribution, etc | 2016 |
| 650 ## - SUBJECT ADDED ENTRY--TOPICAL TERM | |
| General subdivision | INFORMATION MANAGEMENT |
| 856 ## - ELECTRONIC LOCATION AND ACCESS | |
| Uniform Resource Identifier | <a href="http://down.ebook777.com/037/B01LJHQRLS.pdf">http://down.ebook777.com/037/B01LJHQRLS.pdf</a> |
| Withdrawn status | Lost status | Damaged status | Home library | Current library | Date acquired | Total Checkouts | Date last seen | Price effective from | Koha item type |
|---|---|---|---|---|---|---|---|---|---|
| College Library | College Library | 12/04/2017 | 12/04/2017 | 12/04/2017 | Curriculum - Based eBooks |